Vida cristiana y peregrinación según el nuevo testamento

Sparad:
Bibliografiska uppgifter
Huvudupphovsman: Spicq, C (Författare, medförfattare)
Materialtyp: Bok
Språk:spanska
Publicerad: Madrid Edica 1977
Serie:Biblioteca de Autores Cristianos, 393
Ämnen:
Taggar: Lägg till en tagg
Inga taggar, Lägg till första taggen!

MARC

LEADER 00000nam a2200000 a 4500
001 UCR1168
003 CL-VaPUC
008 971212e19770000SP |||||||||||||||||spa|d
082 0 4 |a 225  |b SPI  |2 21 
100 0 |a Spicq, C  |e author  |9 398069 
245 1 0 |a Vida cristiana y peregrinación según el nuevo testamento 
300 |a 208 p 
942 |c BK 
945 |d 19971212 00:00:00  |a jquezada 
260 |a Madrid  |b Edica  |c 1977 
650 0 |a Teología   |9 258766 
650 0 |a Cristianismo  |9 257361 
650 0 |a Antropología y religión  |9 398070 
650 0 |a Dios   |9 266622 
650 0 |a Nuevo testamento  |9 257604 
650 0 |a Historia  |9 255047 
650 0 |a Vida cristiana  |9 258753 
583 |a last modification  |c 19971212 00:00:00  |k Rodrigo Vera 
490 0 |a Biblioteca de Autores Cristianos, 393 
999 |c 264649  |d 264647 
952 |0 0  |1 0  |4 0  |6 225_000000000000000_SPI_1977  |7 0  |8 A  |9 295022  |a BIBTEO  |b BIBTEO  |d 2019-11-19  |i 3370097  |o 225 SPI 1977  |p 3370097  |r 2025-01-17  |w 2019-11-19  |y BK  |k ICR